Регионална библиотека "Любен Каравелов" - Русе

Старобългарски език (Запис номер 99528)

MARC детайли
000 -Лидер
Контролно поле с фиксирана дължина nam a22 a 4500
003 - Код на организацията, давaща контролен номер
Контролно поле BLK
005 - Дата и час на последна редакция
Контролно поле 20220521123404.0
008 - Елементи от данни с фиксирана дължина
fixed length control field 180409b bul|||||r ||||||| ||bul||
010 ## - Наследен системен номер
LC control number KNG00104536000
020 ## - Международен стандартен номер на книга ISBN
Международен стандартен номер на книга ISBN 954-9541-58-4
040 ## - Източник на каталожния запис
Идентификатор на билиотеката - собственик на записа BLK
041 ## - Код за език
Код за езика на текст/звукозапис или на отделно заглавие Български
Код за езика КДБФ Български
080 ## - УДК
Текстов определител УДК Старобългарски език (ІХ-ХІ в. ). Църковнославянски език (богослужебен ез. на източноправославната църква - руска редакция на старобълг. ез.
УДК код - определител по УДК 811.163.1
УДК определител -5(075.8)
УДК - код + определител 811.163.1-5(075.8)
100 1# - Редна дума - Автор
Автор Мирчев, Кирил Спиридонов
Авторска отговорност първи автор
R(LIN) 369262
139 ## - Редно поле
Редна дума Мирчев, Кирил Спиридонов
Авторски знак Мир - М 68
245 10 - Сведения за заглавието
Заглавие Старобългарски език
Подзаглавни данни Кратък грамат. очерк : Учебник за студенти
Редно поле (дума) Кирил Спиридонов Мирчев.
257 ## - Страна на издаване
Страна на създаване/издаване България
260 ## - Област на издателските данни
Име на издателя, разпространителя и проч. Faber
Година на издаване 2000
300 ## - Физическа характеристика
Страници 144 с.
Размери/Мащаб 20 см
380 ## - Жанр
Жанр Езикознание. Филология
500 ## - Общи забележки
Забележка 1. изд. 1972 на изд. Наука и изкуство.
650 #4 - Допълнително описание по предмет – тема
Основно описание – тема или топоним Старобългарски език - граматика
9 (RLIN) 259074
653 ## - Ключова дума – ненормативна
Ключова дума старобългарски език
852 ## - Местоположение
Форматна сигнатура Цб 213332
856 4# - Електронен адрес и достъп
Електронен формат pdf - файл
856 4# - Електронен адрес и достъп
Електронен формат pdf - файл
999 ## - СИСТЕМНИ КОНТРОЛНИ НОМЕРА
Koha biblionumber 99528
Koha biblioitemnumber 99528
942 ## - АРТИКУЛИ
Вид на библиотечния материал Книги
Скрит в OPAC Не
Koha issues (borrowed), all copies 3
944 ## - СЪЗДАВАНЕ И РЕДАКЦИЯ на ЗАПИСА
Създаване/Редакция Създаване
Дата на регистрацията/редакция 01.01.2000
Статус, дата на статуса ф /
Служител, извършил регистрацията/редакцията Цветанка_Енчева
944 ## - СЪЗДАВАНЕ И РЕДАКЦИЯ на ЗАПИСА
Създаване/Редакция Редакция
Дата на регистрацията/редакция 14.12.2006
Статус, дата на статуса ф /
999 ## - СИСТЕМНИ КОНТРОЛНИ НОМЕРА
Koha biblioitemnumber 99528
Наличности
Код за отписване Код за изгубен артикул Код за повреда Коз за рестрикции Код за отдаване Артикулен № Име на библиотеката - собственик Име на библиотеката, в която се намира в момента Статус (Текущо местоположение) Дата на вписване в системата Местоположение - отдел Цена в лева Инвентарен номер Систематично азбучна сигнатура Баркод Номер на екземпляра Цена в евро Служебна бележка Служебен тип на артикула Източник на класификационната схема
  Не е изгубен Не е повреден без рестрикции ползва се в читалня 160324 Регионална библиотека "Любен Каравелов" Русе Регионална библиотека "Любен Каравелов" Русе Хранилище 2002-12-05 Основен фонд - ползва се само за читалня 3.80 120000673639 Цб 213332 120000673639 1 1.94 Дост: Pk Вид: Ф N: 43 Дата: 04.12.2002 Книги  
  Не е изгубен Не е повреден без рестрикции ползва се в читалня 160325 Регионална библиотека "Любен Каравелов" Русе Регионална библиотека "Любен Каравелов" Русе Читалня 2002-12-05 Читалня 3.80 120000673648 Ч 811.16/.17/М 68 120000673648 2 1.94 Дост: Pk Вид: Ф N: 44 Дата: 04.12.2002 Дата инв: 27.03.2017 Бележки инв: Ч2017 Книги Universal Decimal Classification
  Не е изгубен Не е повреден без рестрикции заемане за дома 160326 Регионална библиотека "Любен Каравелов" Русе Регионална библиотека "Любен Каравелов" Русе Заемна - подръчен фонд 2006-12-07 Заемна - подръчен фонд 3.80 120000707310 811.163.2/М 68 К с 120000707310 3 1.94 Дост: Pk Вид: Ф N: 46358 Дата: 05.12.2006 Дата инв: 08.02.2018 Бележки инв: П2018 Книги Universal Decimal Classification
  Не е изгубен Не е повреден без рестрикции заемане за дома 677320 Регионална библиотека "Любен Каравелов" Русе Регионална библиотека "Любен Каравелов" Русе Заемна - подръчен фонд 2018-06-15 Заемна - подръчен фонд 5.00 120000821281 811/М 68 120000821281   2.56   Книги Universal Decimal Classification
Vip Innovations Ltd, Rousse, Bulgaria 2025